Európska únia ako globálny hráč
Postavenie EÚ ako globálneho hráča. EÚ vytvára a realizuje spoločnú politiku na medzinárodnej scéne. Inštitucionálne posilnenie európskych inštitúcií. Slovenskí občania v inštitúciách EÚ. Spoločná zahraničná a bezpečnostná politika.
Enregistré dans:
| Auteur principal: | |
|---|---|
| Format: | Chapitre de livre |
| Langue: | slovaque |
| Sujets: | |
| Tags: |
Pas de tags, Soyez le premier à ajouter un tag!
|
MARC
| LEADER | 00000naa$a2200000$$$4500 | ||
|---|---|---|---|
| 001 | 0070466 | ||
| 005 | 20080205140853.4 | ||
| 041 | 0 | |a slo | |
| 044 | |a SK | ||
| 245 | 1 | 0 | |a Európska únia ako globálny hráč |c Andrea Elscheková-Matisová |
| 520 | |a Postavenie EÚ ako globálneho hráča. EÚ vytvára a realizuje spoločnú politiku na medzinárodnej scéne. Inštitucionálne posilnenie európskych inštitúcií. Slovenskí občania v inštitúciách EÚ. Spoločná zahraničná a bezpečnostná politika. | ||
| 610 | 2 | 0 | |a Európska únia |
| 610 | 2 | 0 | |a inštitúcia |
| 610 | 2 | 0 | |a politika bezpečnostná |
| 610 | 2 | 0 | |a politika zahraničná |
| 610 | 2 | 0 | |a Rada Európy |
| 610 | 2 | 0 | |a Európska komisia |
| 100 | 1 | |a Elscheková-Matisová, Andrea | |